000
00261nam a2200109Ia 4500
008
220204s9999 xx 000 0 und d
082
_a
82-3
_b
MAR
100
_a
Markandaya, Kamala
245
4
_a
The Golden honeycomb
260
_a
New York
_b
Nel
_c
1977
942
_c
BK
999
_c
30908
_d
30908